000 00712nam a22002657a 4500
999 _c16314
_d16314
003 PK-NaQUE
005 20251126130547.0
008 251126b ||||| |||| 00| 0 eng d
020 _a‎9780074603154
022 _a‎978-0074603154
040 _cQUEST
082 _a531RAN
100 _aRana, Narayan Chandra
245 _aClassical Mechanics
260 _aNew Delhi:
_bMcgraw-Hill,
_c2014.
300 _a607p. ;
650 _aMechanics, Analytic
650 _aMathematics
650 _aPhysics
650 _aMechanical engineering
650 _aMechanics
700 _aJoag, Pramof Sharadchandra
856 _uhttp://10.10.170.122:8080/browse/book/28978
_yDownload eBook
942 _cBK
_2ddc